The Netherlands : an historical and cultural survey, 1795-1977 /

Bibliographic Details
Main Author: Newton, Gerald
Format: Book
Language:English
Published: London : Boulder, Colo. : E. Benn ; Westview Press, 1978.
Series:Nations of the modern world.
Subjects:

MARC

Tag First Indicator Second Indicator Subfields
LEADER 00000pam a2200000 i 4500
001 in00000622012
005 20151015051114.0
008 771013s1978 enkaf b 00110 eng
010 |a  77016100  
020 |a 0891588027 
035 |a (OCoLC)03380375 
035 |9 ACT4496AM 
040 |a DLC  |c DLC  |d TXA  |d UtOrBLW 
043 |a e-ne--- 
049 |a TXAM  |c [1538449] 
050 0 0 |a DJ71  |b .N48 
082 0 |a 949.2 
100 1 |a Newton, Gerald. 
245 1 4 |a The Netherlands :  |b an historical and cultural survey, 1795-1977 /  |c Gerald Newton. 
264 1 |a London :  |b E. Benn ;  |a Boulder, Colo. :  |b Westview Press,  |c 1978. 
300 |a xii, 300 pages, 8 unnumbered leaves of plates :  |b illustrations ;  |c 23 cm. 
336 |a text  |b txt  |2 rdacontent 
337 |a unmediated  |b n  |2 rdamedia 
338 |a volume  |b nc  |2 rdacarrier 
490 1 |a Nations of the modern world 
490 0 |a A Benn study : History 
500 |a Includes index. 
504 |a Bibliography: page 281. 
651 0 |a Netherlands  |x Civilization. 
830 0 |a Nations of the modern world. 
999 |a MARS 
999 f f |s 030baf69-0700-36c0-90b9-e1f82e4b065c  |i 0302b37e-8758-3587-bdc5-ade963105870  |t 0 
952 f f |p ric  |a Texas A&M University  |b Rellis Campus  |c Joint Library Facility  |d Remote Storage  |t 0  |e DJ71 .N48  |h Library of Congress classification  |i unmediated -- volume  |m A14801995483 
998 f f |a DJ71 .N48  |t 0  |l Remote Storage